Fotografía Chilena Contemporánea = Contemporary Chilean Photography
Guardado en:
| Autor principal: | |
|---|---|
| Formato: | Desconocido |
| Lenguaje: | inglés |
| Publicado: |
Santiago, Chile
Barcelona,
1985
|
| Materias: | |
| Etiquetas: |
Agregar Etiqueta
Sin Etiquetas, Sea el primero en etiquetar este registro!
|
MARC
| LEADER | 00000 a2200000 4500 | ||
|---|---|---|---|
| 003 | CL-VaPUC | ||
| 005 | 20210825124317.0 | ||
| 008 | 210720b ||||| |||| 00| 0 eng d | ||
| 999 | |c 433336 |d 433334 | ||
| 040 | |c Pontificia Universidad Católica de Valparaíso | ||
| 082 | |a 779.9983 GRA 1985 | ||
| 100 | 1 | |a Granese Philipps, José Luis |9 862138 |e editor y coordinador | |
| 245 | 1 | 0 | |a Fotografía Chilena Contemporánea = Contemporary Chilean Photography |
| 260 | |a Santiago, Chile |b Barcelona, |c 1985 | ||
| 300 | |a 127 páginas; |b fotografías en blanco y negro | ||
| 583 | |k Cristina Rojas |c 20210720 | ||
| 650 | |a Fotografía chilena |9 862289 | ||
| 942 | |2 ddc |c BK | ||
| 952 | |0 0 |1 0 |2 ddc |4 0 |6 779_998300000000000_GRA_1985 |7 0 |8 R |9 578433 |a BIBART |b BIBART |d 2021-07-15 |e 139 |g 0.00 |i 5586461 |l 3 |o 779.9983 GRA 1985 |p 5586461 |r 2025-03-13 |s 2022-09-20 |t 1 |v 0.00 |w 2021-07-15 |y BK_R |k ART | ||